Towards freedom in South Asia democratization, peace and regional cooperation

Salvato in:
Dettagli Bibliografici
Altri autori: Panandiker, V. A. Pai, Tripathi, Rahul
Natura: Libro
Lingua:inglese
Pubblicazione: Delhi Konark Publishers 2008
Soggetti:
Tags: Aggiungi Tag
Nessun Tag, puoi essere il primo ad aggiungerne!!

MARC

LEADER 00000nam a2200000 4500
001 0190351
005 20240109071021.3
020 |a 81-220-0729-5 
041 0 |a eng 
044 |a IN 
245 1 0 |a Towards freedom in South Asia  |b democratization, peace and regional cooperation  |c edited by V. A. Pai Panandiker, Rahul Tripathi 
264 1 |a Delhi  |b Konark Publishers  |c 2008 
300 |a xxi, 383 s. 
610 2 0 |a spolupráca regionálna 
610 2 0 |a demokratizácia 
610 2 0 |a investície 
610 2 0 |a južná Ázia 
700 1 |a Panandiker, V. A. Pai 
700 1 |a Tripathi, Rahul